Normal view
MARC view
- النظام الاردني - القضاء الاردني - الاسلام
Entry Topical Term
001 - CONTROL NUMBER
- control field: 65155
003 - CONTROL NUMBER IDENTIFIER
- control field: JO-AjAnu
005 - DATE AND TIME OF LATEST TRANSACTION
- control field: 20240326101433.0
008 - FIXED-LENGTH DATA ELEMENTS
- fixed length control field: 240326|| aca||babn | a|a d
040 ## - CATALOGING SOURCE
- Original cataloging agency: JO-AjAnu
150 ## - HEADING--TOPICAL TERM
- Topical term or geographic name entry element: النظام الاردني - القضاء الاردني - الاسلام